Statistics for Louisville International Airport Destinations (Louisville, KY, USA)

Click here to take the quiz!

General Stats

  • This quiz has been taken 14 times
  • The average score is 33 of 37

Answer Stats

AirlineDestination% Correct
Delta Air Lines/Southwest AirlinesAtlanta
100%
American Eagle/Delta ConnectionBoston
100%
American Airlines/American EagleCharlotte
100%
Southwest AirlinesChicago (Midway)
100%
American Eagle/United Airlines/United ExpressChicago (O'Hare)
100%
American Airlines/American EagleDallas/Fort Worth
100%
Southwest AirlinesDallas (Love)
100%
Southwest Airlines/United Airlines/United ExpressDenver
100%
Southwest AirlinesHouston (Hobby)
100%
United Airlines/United ExpressHouston (Intercontinental)
100%
American AirlinesMiami
100%
Southwest AirlinesOrlando
100%
Allegiant AirOrlando/Sanford
100%
United ExpressWashington (Dulles)
100%
American EagleWashington (National)
100%
Allegiant AirAustin
92%
Southwest AirlinesBaltimore
92%
Delta ConnectionDetroit
92%
Allegiant Air/Southwest AirlinesFort Lauderdale
92%
Delta Connection/Sun Country AirlinesMinneapolis/St. Paul
92%
American Eagle/Delta ConnectionNew York (LaGuardia)
92%
American EaglePhiladelphia
92%
Allegiant AirSavannah
92%
Southwest AirlinesFort Myers
83%
Allegiant Air/Breeze AirwaysNew Orleans
83%
Breeze AirwaysRaleigh/Durham
83%
Breeze Airways/Southwest AirlinesTampa
83%
Allegiant Air/Breeze AirwaysCharleston (SC)
75%
Southwest AirlinesLas Vegas
75%
United ExpressNewark
75%
Breeze AirwaysSan Francisco
75%
Allegiant AirMyrtle Beach
67%
Southwest AirlinesPhoenix (Sky Harbor)
67%
Allegiant AirSarasota
67%
Allegiant AirSt. Petersburg/Clearwater
67%
Allegiant AirDestin/Fort Walton Beach
58%
Allegiant AirPunta Gorda (FL)
58%

Score Distribution

Percentile by Number Answered

Percent of People with Each Score

Your Score History

You have not taken this quiz